<?xml version="1.0" encoding="UTF-8"?>
<record
    xmlns:xsi="http://www.w3.org/2001/XMLSchema-instance"
    xsi:schemaLocation="http://www.loc.gov/MARC21/slim http://www.loc.gov/standards/marcxml/schema/MARC21slim.xsd"
    xmlns="http://www.loc.gov/MARC21/slim">

  <leader>03654nam a22003257a 4500</leader>
  <controlfield tag="003">NALT</controlfield>
  <controlfield tag="005">20260318100121.0</controlfield>
  <controlfield tag="008">230908b        th ||||| |||| 00| 0 tha d</controlfield>
  <datafield tag="020" ind1=" " ind2=" ">
    <subfield code="a">9789740338550</subfield>
  </datafield>
  <datafield tag="040" ind1=" " ind2=" ">
    <subfield code="a">NALT</subfield>
  </datafield>
  <datafield tag="050" ind1=" " ind2=" ">
    <subfield code="a">LB 1028.3</subfield>
    <subfield code="b">&#xE14;123&#xE1B; 2562</subfield>
  </datafield>
  <datafield tag="100" ind1="0" ind2=" ">
    <subfield code="9">61549</subfield>
    <subfield code="a">&#xE14;&#xE19;&#xE31;&#xE22;&#xE28;&#xE31;&#xE01;&#xE14;&#xE34;&#xE4C; &#xE01;&#xE32;&#xE42;&#xE23;</subfield>
  </datafield>
  <datafield tag="245" ind1="1" ind2="0">
    <subfield code="a">&#xE1B;&#xE0F;&#xE34;&#xE27;&#xE31;&#xE15;&#xE34;&#xE01;&#xE32;&#xE23;&#xE2A;&#xE2D;&#xE19;&#xE2A;&#xE39;&#xE48;&#xE2B;&#xE49;&#xE2D;&#xE07;&#xE40;&#xE23;&#xE35;&#xE22;&#xE19; 4.0 &#xE14;&#xE49;&#xE27;&#xE22; Google for education /</subfield>
    <subfield code="c">&#xE14;&#xE19;&#xE31;&#xE22;&#xE28;&#xE31;&#xE01;&#xE14;&#xE34;&#xE4C; &#xE01;&#xE32;&#xE42;&#xE23;.</subfield>
  </datafield>
  <datafield tag="250" ind1=" " ind2=" ">
    <subfield code="a">&#xE1E;&#xE34;&#xE21;&#xE1E;&#xE4C;&#xE04;&#xE23;&#xE31;&#xE49;&#xE07;&#xE17;&#xE35;&#xE48; 1.</subfield>
  </datafield>
  <datafield tag="260" ind1=" " ind2=" ">
    <subfield code="a">&#xE01;&#xE23;&#xE38;&#xE07;&#xE40;&#xE17;&#xE1E;&#xE2F; :</subfield>
    <subfield code="b">&#xE2A;&#xE33;&#xE19;&#xE31;&#xE01;&#xE1E;&#xE34;&#xE21;&#xE1E;&#xE4C;&#xE41;&#xE2B;&#xE48;&#xE07;&#xE08;&#xE38;&#xE2C;&#xE32;&#xE25;&#xE07;&#xE01;&#xE23;&#xE13;&#xE4C;&#xE21;&#xE2B;&#xE32;&#xE27;&#xE34;&#xE17;&#xE22;&#xE32;&#xE25;&#xE31;&#xE22;,</subfield>
    <subfield code="c">2562.</subfield>
  </datafield>
  <datafield tag="300" ind1=" " ind2=" ">
    <subfield code="a">193 &#xE2B;&#xE19;&#xE49;&#xE32; :</subfield>
    <subfield code="b">&#xE15;&#xE32;&#xE23;&#xE32;&#xE07;, &#xE20;&#xE32;&#xE1E;&#xE1B;&#xE23;&#xE30;&#xE01;&#xE2D;&#xE1A; ;</subfield>
    <subfield code="c">26 &#xE0B;&#xE21;.</subfield>
  </datafield>
  <datafield tag="505" ind1="1" ind2=" ">
    <subfield code="a">&#xE1A;&#xE17;&#xE17;&#xE35;&#xE48; 1 &#xE1A;&#xE17;&#xE19;&#xE33; -- &#xE1A;&#xE17;&#xE17;&#xE35;&#xE48; 2 &#xE1A;&#xE23;&#xE34;&#xE2B;&#xE32;&#xE23;&#xE08;&#xE31;&#xE14;&#xE01;&#xE32;&#xE23;&#xE02;&#xE49;&#xE2D;&#xE21;&#xE39;&#xE25;&#xE2D;&#xE2D;&#xE19;&#xE44;&#xE25;&#xE19;&#xE4C;&#xE14;&#xE49;&#xE27;&#xE22; Google drive : &#xE04;&#xE38;&#xE13;&#xE2A;&#xE21;&#xE1A;&#xE31;&#xE15;&#xE34;&#xE02;&#xE2D;&#xE07; Google drive ; &#xE41;&#xE19;&#xE30;&#xE19;&#xE33;&#xE01;&#xE32;&#xE23;&#xE43;&#xE0A;&#xE49;&#xE07;&#xE32;&#xE19; Google drive -- &#xE1A;&#xE17;&#xE17;&#xE35;&#xE48; 3 &#xE2A;&#xE23;&#xE49;&#xE32;&#xE07;&#xE2B;&#xE49;&#xE2D;&#xE07;&#xE40;&#xE23;&#xE35;&#xE22;&#xE19;&#xE2D;&#xE2D;&#xE19;&#xE44;&#xE25;&#xE19;&#xE4C;&#xE14;&#xE49;&#xE27;&#xE22; Google classroom : &#xE04;&#xE38;&#xE13;&#xE2A;&#xE21;&#xE1A;&#xE31;&#xE15;&#xE34;&#xE02;&#xE2D;&#xE07; Google classroom ; &#xE41;&#xE19;&#xE30;&#xE19;&#xE33;&#xE01;&#xE32;&#xE23;&#xE43;&#xE0A;&#xE49;&#xE07;&#xE32;&#xE19; Google classroom ; &#xE01;&#xE32;&#xE23;&#xE43;&#xE0A;&#xE49;&#xE07;&#xE32;&#xE19;&#xE43;&#xE19;&#xE2A;&#xE48;&#xE27;&#xE19;&#xE02;&#xE2D;&#xE07;&#xE1C;&#xE39;&#xE49;&#xE2A;&#xE2D;&#xE19; ; &#xE01;&#xE32;&#xE23;&#xE43;&#xE0A;&#xE49;&#xE07;&#xE32;&#xE19;&#xE43;&#xE19;&#xE2A;&#xE48;&#xE27;&#xE19;&#xE02;&#xE2D;&#xE07;&#xE1C;&#xE39;&#xE49;&#xE40;&#xE23;&#xE35;&#xE22;&#xE19; ; &#xE01;&#xE32;&#xE23;&#xE1B;&#xE23;&#xE30;&#xE22;&#xE38;&#xE01;&#xE15;&#xE4C;&#xE43;&#xE0A;&#xE49;&#xE07;&#xE32;&#xE19;&#xE2A;&#xE33;&#xE2B;&#xE23;&#xE31;&#xE1A;&#xE01;&#xE32;&#xE23;&#xE40;&#xE23;&#xE35;&#xE22;&#xE19;&#xE01;&#xE32;&#xE23;&#xE2A;&#xE2D;&#xE19; -- &#xE1A;&#xE17;&#xE17;&#xE35;&#xE48; 4 &#xE2A;&#xE23;&#xE49;&#xE32;&#xE07;&#xE02;&#xE49;&#xE2D;&#xE2A;&#xE2D;&#xE1A;&#xE2D;&#xE2D;&#xE19;&#xE44;&#xE25;&#xE19;&#xE4C;&#xE14;&#xE49;&#xE27;&#xE22; Google forms : &#xE04;&#xE38;&#xE13;&#xE2A;&#xE21;&#xE1A;&#xE31;&#xE15;&#xE34;&#xE02;&#xE2D;&#xE07; Google form ; &#xE41;&#xE19;&#xE30;&#xE19;&#xE33;&#xE01;&#xE32;&#xE23;&#xE43;&#xE0A;&#xE49;&#xE07;&#xE32;&#xE19; Google forms ; &#xE01;&#xE32;&#xE23;&#xE1B;&#xE23;&#xE30;&#xE22;&#xE38;&#xE01;&#xE15;&#xE4C;&#xE43;&#xE0A;&#xE49; Google forms &#xE2A;&#xE33;&#xE2B;&#xE23;&#xE31;&#xE1A;&#xE01;&#xE32;&#xE23;&#xE08;&#xE31;&#xE14;&#xE01;&#xE32;&#xE23;&#xE40;&#xE23;&#xE35;&#xE22;&#xE19;&#xE01;&#xE32;&#xE23;&#xE2A;&#xE2D;&#xE19; ; &#xE01;&#xE32;&#xE23;&#xE15;&#xE23;&#xE27;&#xE08;&#xE1C;&#xE25;&#xE04;&#xE30;&#xE41;&#xE19;&#xE19;&#xE41;&#xE1A;&#xE1A;&#xE17;&#xE14;&#xE2A;&#xE2D;&#xE1A; -- &#xE1A;&#xE17;&#xE17;&#xE35;&#xE48; 5 &#xE01;&#xE32;&#xE23;&#xE1E;&#xE31;&#xE12;&#xE19;&#xE32;&#xE40;&#xE27;&#xE47;&#xE1A;&#xE44;&#xE0B;&#xE15;&#xE4C;&#xE14;&#xE49;&#xE27;&#xE22; Google sites : &#xE04;&#xE38;&#xE13;&#xE2A;&#xE21;&#xE1A;&#xE31;&#xE15;&#xE34;&#xE02;&#xE2D;&#xE07; Google sites ; &#xE41;&#xE19;&#xE30;&#xE19;&#xE33;&#xE01;&#xE32;&#xE23;&#xE43;&#xE0A;&#xE49;&#xE07;&#xE32;&#xE19; Google sites ; &#xE01;&#xE32;&#xE23;&#xE2A;&#xE23;&#xE49;&#xE32;&#xE07;&#xE40;&#xE27;&#xE47;&#xE1A;&#xE44;&#xE0B;&#xE15;&#xE4C;&#xE14;&#xE49;&#xE27;&#xE22; Google sites &#xE40;&#xE1A;&#xE37;&#xE49;&#xE2D;&#xE07;&#xE15;&#xE49;&#xE19; ; &#xE01;&#xE32;&#xE23;&#xE1B;&#xE23;&#xE30;&#xE22;&#xE38;&#xE01;&#xE15;&#xE4C;&#xE43;&#xE0A;&#xE49; Google sites &#xE2A;&#xE33;&#xE2B;&#xE23;&#xE31;&#xE1A;&#xE01;&#xE32;&#xE23;&#xE1E;&#xE31;&#xE12;&#xE19;&#xE32;&#xE40;&#xE27;&#xE47;&#xE1A;&#xE44;&#xE0B;&#xE15;&#xE4C;&#xE17;&#xE32;&#xE07;&#xE01;&#xE32;&#xE23;&#xE28;&#xE36;&#xE01;&#xE29;&#xE32; ; &#xE01;&#xE23;&#xE13;&#xE35;&#xE28;&#xE36;&#xE01;&#xE29;&#xE32;&#xE17;&#xE35;&#xE48; 1 : &#xE01;&#xE32;&#xE23;&#xE1E;&#xE31;&#xE12;&#xE19;&#xE32;&#xE40;&#xE27;&#xE47;&#xE1A;&#xE44;&#xE0B;&#xE15;&#xE4C;&#xE23;&#xE32;&#xE22;&#xE27;&#xE34;&#xE0A;&#xE32; ; &#xE01;&#xE23;&#xE13;&#xE35;&#xE28;&#xE36;&#xE01;&#xE29;&#xE32;&#xE17;&#xE35;&#xE48; 2 : &#xE01;&#xE32;&#xE23;&#xE1E;&#xE31;&#xE12;&#xE19;&#xE32;&#xE40;&#xE27;&#xE47;&#xE1A;&#xE44;&#xE0B;&#xE15;&#xE4C;&#xE04;&#xE23;&#xE39;&#xE1C;&#xE39;&#xE49;&#xE2A;&#xE2D;&#xE19; ; &#xE15;&#xE31;&#xE27;&#xE2D;&#xE22;&#xE48;&#xE32;&#xE07;&#xE40;&#xE27;&#xE47;&#xE1A;&#xE44;&#xE0B;&#xE15;&#xE4C;&#xE17;&#xE35;&#xE48;&#xE2A;&#xE23;&#xE49;&#xE32;&#xE07;&#xE41;&#xE25;&#xE30;&#xE1E;&#xE31;&#xE12;&#xE19;&#xE32;&#xE14;&#xE49;&#xE27;&#xE22; Google sites.</subfield>
  </datafield>
  <datafield tag="650" ind1=" " ind2="4">
    <subfield code="9">19337</subfield>
    <subfield code="a">&#xE01;&#xE32;&#xE23;&#xE40;&#xE23;&#xE35;&#xE22;&#xE19;&#xE01;&#xE32;&#xE23;&#xE2A;&#xE2D;&#xE19;&#xE1C;&#xE48;&#xE32;&#xE19;&#xE40;&#xE27;&#xE47;&#xE1A;</subfield>
  </datafield>
  <datafield tag="650" ind1=" " ind2="4">
    <subfield code="9">12925</subfield>
    <subfield code="a">&#xE01;&#xE32;&#xE23;&#xE40;&#xE23;&#xE35;&#xE22;&#xE19;&#xE23;&#xE39;&#xE49;&#xE1C;&#xE48;&#xE32;&#xE19;&#xE23;&#xE30;&#xE1A;&#xE1A;&#xE2D;&#xE34;&#xE40;&#xE25;&#xE47;&#xE01;&#xE17;&#xE23;&#xE2D;&#xE19;&#xE34;&#xE01;&#xE2A;&#xE4C;</subfield>
  </datafield>
  <datafield tag="650" ind1=" " ind2="4">
    <subfield code="9">36939</subfield>
    <subfield code="a">&#xE01;&#xE32;&#xE23;&#xE2A;&#xE2D;&#xE19;&#xE14;&#xE49;&#xE27;&#xE22;&#xE2A;&#xE37;&#xE48;&#xE2D;</subfield>
  </datafield>
  <datafield tag="650" ind1=" " ind2="4">
    <subfield code="9">32475</subfield>
    <subfield code="a">&#xE01;&#xE39;&#xE40;&#xE01;&#xE34;&#xE25; (&#xE1A;&#xE23;&#xE34;&#xE01;&#xE32;&#xE23;&#xE2D;&#xE2D;&#xE19;&#xE44;&#xE25;&#xE19;&#xE4C;)</subfield>
  </datafield>
  <datafield tag="650" ind1=" " ind2="0">
    <subfield code="a">&#xE19;&#xE27;&#xE31;&#xE15;&#xE01;&#xE23;&#xE23;&#xE21;&#xE17;&#xE32;&#xE07;&#xE01;&#xE32;&#xE23;&#xE28;&#xE36;&#xE01;&#xE29;&#xE32;</subfield>
    <subfield code="9">14412</subfield>
  </datafield>
  <datafield tag="650" ind1=" " ind2="4">
    <subfield code="9">40274</subfield>
    <subfield code="a">&#xE23;&#xE30;&#xE1A;&#xE1A;&#xE01;&#xE32;&#xE23;&#xE40;&#xE23;&#xE35;&#xE22;&#xE19;&#xE01;&#xE32;&#xE23;&#xE2A;&#xE2D;&#xE19;</subfield>
  </datafield>
  <datafield tag="650" ind1=" " ind2="4">
    <subfield code="9">28386</subfield>
    <subfield code="a">&#xE40;&#xE17;&#xE04;&#xE42;&#xE19;&#xE42;&#xE25;&#xE22;&#xE35;&#xE17;&#xE32;&#xE07;&#xE01;&#xE32;&#xE23;&#xE28;&#xE36;&#xE01;&#xE29;&#xE32;</subfield>
  </datafield>
  <datafield tag="850" ind1=" " ind2=" ">
    <subfield code="a">NALT</subfield>
  </datafield>
  <datafield tag="942" ind1=" " ind2=" ">
    <subfield code="2">lcc</subfield>
    <subfield code="c">GB</subfield>
  </datafield>
  <datafield tag="996" ind1=" " ind2=" ">
    <subfield code="a">kornsiririn.r</subfield>
    <subfield code="b">CATSTF	</subfield>
    <subfield code="c">2023-09-08</subfield>
  </datafield>
  <datafield tag="996" ind1=" " ind2=" ">
    <subfield code="a">phornvitoo</subfield>
    <subfield code="b">CATSTF	</subfield>
    <subfield code="c">2023-10-20</subfield>
  </datafield>
  <datafield tag="999" ind1=" " ind2=" ">
    <subfield code="c">103093</subfield>
    <subfield code="d">103093</subfield>
  </datafield>
  <datafield tag="998" ind1=" " ind2=" ">
    <subfield code="j">1020</subfield>
    <subfield code="k"> &#xE19;&#xE32;&#xE07;&#xE08;&#xE33;&#xE40;&#xE23;&#xE35;&#xE22;&#xE07;  &#xE23;&#xE30;&#xE27;&#xE31;&#xE07;&#xE2A;&#xE33;&#xE42;&#xE23;&#xE07;</subfield>
  </datafield>
  <datafield tag="952" ind1=" " ind2=" ">
    <subfield code="0">0</subfield>
    <subfield code="1">0</subfield>
    <subfield code="2">lcc</subfield>
    <subfield code="4">0</subfield>
    <subfield code="7">0</subfield>
    <subfield code="a">NALT</subfield>
    <subfield code="b">NALT</subfield>
    <subfield code="c">GEN</subfield>
    <subfield code="d">2023-09-08</subfield>
    <subfield code="l">2</subfield>
    <subfield code="m">1</subfield>
    <subfield code="o">LB 1028.3 &#xE14;123&#xE1B; 2562</subfield>
    <subfield code="p">0100010561001</subfield>
    <subfield code="r">2023-12-26 00:00:00</subfield>
    <subfield code="s">2023-12-12</subfield>
    <subfield code="w">2023-09-08</subfield>
    <subfield code="y">GB</subfield>
  </datafield>
</record>
